Diseño de un canal sobre cauce natural del tramo, zona n°2 - Rio Zapote, en el municipio de Nueva Guinea, RAACS
El presente trabajo se realizó con el objetivo de proponer el diseño de un canal sobre cauce natural del tramo, zona n°2 - Río zapote, en el municipio de Nueva Guinea, RACCS. Su revestimiento y la determinación de las características hidráulicas como la velocidad y el tirante que permite estab...
| Main Authors: | , , |
|---|---|
| Other Authors: | |
| Format: | Tesis Section = Libro |
| Language: | Undetermined Spanish |
| Published: |
Juigalpa
UNI/RUACS
2020
|
| Subjects: |
| LEADER | 01575nam a2200325Ia 4500 | ||
|---|---|---|---|
| 008 | 240830s9999 xx 000 0 und d | ||
| 040 | |a BIBLIOTECA-RUPAP Mon 627.13 U73 | ||
| 041 | |a spa | ||
| 082 | |a Mon 627.13 U73 | ||
| 100 | 1 | |a Urbina Griffith, Michael José | |
| 100 | 1 | |b Buitrago Paz, Derving Josué. | |
| 100 | 1 | |c Amador Fernández, Jader Luis | |
| 245 | 1 | 0 | |a Diseño de un canal sobre cauce natural del tramo, zona n°2 - Rio Zapote, en el municipio de Nueva Guinea, RAACS |
| 260 | |a Juigalpa |b UNI/RUACS |c 2020 | ||
| 300 | |a 95 p. :il. | ||
| 500 | |a Contiene: anexos y CD. | ||
| 502 | |a Tesis (Ingeniero Civil)- UNI, 2020. | ||
| 520 | 3 | |a El presente trabajo se realizó con el objetivo de proponer el diseño de un canal sobre cauce natural del tramo, zona n°2 - Río zapote, en el municipio de Nueva Guinea, RACCS. Su revestimiento y la determinación de las características hidráulicas como la velocidad y el tirante que permite establecer el régimen del flujo del agua en el canal. En el diseño se tendrá en cuenta ciertos factores tale como: tipo de material del cuerpo del canal, coeficiente de rugosidad, velocidad máxima y mínima permitida, pendiente del canal y taludes. | |
| 650 | 7 | |a CANALES-DISEÑO Y CONSTRUCCION | |
| 650 | 7 | |b CAUCES-REVESTIMIENTO | |
| 650 | 7 | |c OBRAS HIDRAULICAS | |
| 650 | 7 | |d ESTUDIO DE SUELOS | |
| 650 | 7 | |e INGENIERIA HIDRAULICA | |
| 650 | 7 | |f DRENAJE | |
| 650 | 7 | |g TALUD | |
| 650 | 7 | |h ESCORRENTIA. | |
| 700 | 1 | |a Tutor: |b Hernández Durán, Noé | |
| 942 | |c BK |2 ddc | ||
| 991 | |a TESIS | ||
| 999 | |c 16190 | ||